| 000 | 01700cam a2200397 a 4500 | ||
|---|---|---|---|
| 001 | 14267479 | ||
| 003 | OSt | ||
| 005 | 20230605094234.0 | ||
| 008 | 060215s2005 sw a bf 001 0 eng | ||
| 010 | _a 2006374561 | ||
| 020 | _a9185391182 (pbk.) | ||
| 035 | _a(OCoLC)ocm62889528 | ||
| 040 |
_aUKM _beng _cUKM _dDLC |
||
| 042 |
_aukblsr _alccopycat |
||
| 050 | 0 | 0 |
_aJF1001 _b.R45 2005 |
| 082 | 0 | 4 |
_a324.63 _bREY |
| 100 | 1 |
_aReynolds, Andrew, _d1967- |
|
| 245 | 1 | 0 |
_aElectoral System Design : _bThe New International IDEA Handbook / _cAndrew Reynolds, Ben Reilly, and Andrew Ellis ; with José Antonio Cheibub ... [et al.]. |
| 260 |
_aStockholm, Sweden : _bInternational Institute for Democracy and Electoral Assistance, _cc2005. |
||
| 300 |
_aix, 223 p. : _bill. (some col.) ; _c25 cm. |
||
| 490 | 1 | _aHandbook series | |
| 501 | _aMap | ||
| 504 | _aIncludes bibliographical references and index. | ||
| 650 | 0 |
_aElections _vHandbooks, manuals, etc. |
|
| 650 | 0 |
_aElections _vCase studies. |
|
| 700 | 1 | _aReilly, Ben. | |
| 700 | 1 |
_aEllis, Andrew, _d1952 May 19- |
|
| 710 | 2 | _aInternational Institute for Democracy and Electoral Assistance. | |
| 830 | 0 | _aHandbook series (International Institute for Democracy and Electoral Assistance) | |
| 856 | 4 | 1 |
_3Table of contents only _uhttp://www.loc.gov/catdir/toc/fy0607/2006374561.html |
| 856 | 4 | 2 |
_3Contributor biographical information _uhttp://www.loc.gov/catdir/enhancements/fy0629/2006374561-b.html |
| 856 | 4 | 2 |
_3Publisher description _uhttp://www.loc.gov/catdir/enhancements/fy0629/2006374561-d.html |
| 906 |
_a7 _bcbc _ccopycat _d4 _encip _f20 _gy-gencatlg |
||
| 942 |
_2ddc _cBK |
||
| 999 |
_c247 _d247 |
||